|
|
|
|
| LEADER |
00000nam a2200000 i 4500 |
| 001 |
DIGCULTBK0104 |
| 003 |
NyNyDIG |
| 007 |
cr ||||||||||| |
| 008 |
260301t20251988sp a o 000 0 spa d |
| 006 |
m o d |
| 035 |
|
|
|a (OCoLC)1576249316
|
| 040 |
|
|
|a DGITA
|b eng
|e rda
|e pn
|c DGITA
|
| 020 |
|
|
|z 9791399007367
|
| 041 |
1 |
|
|a spa
|h eng
|
| 043 |
|
|
|a n-us-ca
|a n-us---
|
| 050 |
1 |
4 |
|a PN1993.5.U65 ebook
|
| 100 |
1 |
|
|a Mordden, Ethan,
|d 1947-
|e author.
|
| 240 |
1 |
0 |
|a Hollywood studios.
|l Spanish
|s (Mendoza)
|
| 245 |
1 |
0 |
|a Los estudios de Hollywood :
|b el estilo de los grandes estudios en la era dorada del cine /
|c Ethan Mordden ; traducción, Ricardo Mendoza.
|
| 264 |
|
1 |
|a [Málaga, Spain] :
|b Cult Books,
|c [2025]
|
| 264 |
|
4 |
|c ©1988
|
| 300 |
|
|
|a 1 online resource :
|b illustrations.
|
| 336 |
|
|
|a text
|b txt
|2 rdacontent
|
| 337 |
|
|
|a computer
|b c
|2 rdamedia
|
| 338 |
|
|
|a online resource
|b cr
|2 rdacarrier
|
| 347 |
|
|
|a text file
|2 rdaft
|
| 347 |
|
|
|b PDF
|
| 588 |
0 |
|
|a Online resource; title from PDF title page (Digitalia, viewed March 1, 2026)
|
| 650 |
|
0 |
|a Motion picture studios
|z California
|z Los Angeles
|x History.
|
| 650 |
|
0 |
|a Motion pictures
|z California
|z Los Angeles
|x History.
|
| 650 |
|
0 |
|a Motion picture industry
|z United States
|x History.
|
| 651 |
|
0 |
|a Hollywood (Los Angeles, Calif.)
|x History.
|
| 700 |
1 |
|
|a Mendoza, Ricardo
|c (Translator),
|e translator.
|
| 700 |
1 |
|
|i Translation of:
|a Mordden, Ethan,
|d 1947-
|t Hollywood studios.
|
| 791 |
2 |
|
|a Digitalia (Firm),
|e distributor.
|
| 793 |
0 |
|
|g Digitalia eBook Collection:
|a Cult Books
|
| 776 |
0 |
8 |
|i Print version:
|a Mordden, Ethan, 1947-
|s Hollywood studios. Spanish (Mendoza).
|t Estudios de Hollywood.
|b Primera edición.
|d [Málaga, Spain] : Cult Books, [2025]
|z 9791399007367
|
| 856 |
4 |
0 |
|3 Digitalia Hispánica
|u https://www.digitaliapublishing.com/a/183588/
|
| 910 |
|
|
|a Premium collection: 2026
|